[Event "ICS rated blitz match"]
[Site "204.178.125.65"]
[Date "2000.02.28"]
[Round "?"]
[White "Hossa"]
[Black "RedBear"]
[Result "0-1"]
[WhiteElo "2446"]
[BlackElo "2576"]
[PlyCount "124"]

1. e4 e5 2. Nf3 Nc6 3. Bb5 a6 4. Ba4 Nf6 5. O-O Be7 6. Re1 b5 7. Bb3 d6 8. c3
O-O 9. h3 Bb7 10. d4 Re8 11. Nbd2 Bf8 12. a4 h6 13. Bc2 exd4 14. cxd4 Nb4 15.
Bb1 c5 16. d5 Nd7 17. Ra3 f5 18. exf5 Nf6 19. Ne4 Bxd5 20. Nxf6+ Qxf6 21. Rae3
Bf7 22. Nh2 Rxe3 23. Rxe3 d5 24. Ng4 Qd4 25. Qe2 Qc4 26. Qe1 Nc2 27. Bxc2 Qxc2
28. Rg3 Kh7 29. f6 Re8 30. Re3 Rxe3 31. Nxe3 Qe4 32. axb5 axb5 33. fxg7 Bxg7
34. Qd2 d4 35. Nf1 Bd5 36. f3 Qg6 37. Qf4 c4 38. Ng3 Be6 39. Bd2 c3 40. bxc3
dxc3 41. Be1 Qb1 42. Kf2 b4 43. Nh5 Qa2+ 44. Kg1 Qe2 45. Bg3 c2 46. Nxg7 Qd1+
47. Kh2 c1=Q 48. Qxc1 Qxc1 49. Nxe6 b3 50. Be5 Kg6 51. f4 b2 52. Bxb2 Qxb2 53.
Nf8+ Kf5 54. h4 Qg7 55. Ne6 Kxe6 56. h5 Kf5 57. Kg1 Qb2 58. Kh2 Kg4 59. f5 Qe5+
60. Kg1 Kg3 61. Kf1 Qe3 62. f6 Qf2# 0-1

[Event "ICS rated blitz match"]
[Site "204.178.125.65"]
[Date "2000.02.28"]
[Round "?"]
[White "RedBear"]
[Black "Hossa"]
[Result "1-0"]
[WhiteElo "2586"]
[BlackElo "2436"]
[PlyCount "115"]

1. e4 c5 2. c3 d5 3. exd5 Qxd5 4. d4 Nf6 5. Nf3 Bg4 6. Be2 e6 7. h3 Bh5 8. O-O
Nc6 9. Be3 cxd4 10. cxd4 Be7 11. Nc3 Qd6 12. Qb3 O-O 13. Rfd1 Rfd8 14. a3 Rac8
15. Rac1 Nd5 16. Qxb7 Rb8 17. Qa6 Bxf3 18. Bxf3 Nxd4 19. Qxd6 Nxf3+ 20. gxf3
Rxd6 21. Nxd5 exd5 22. Bxa7 Rb5 23. Rc8+ Rd8 24. Rdc1 Rf8 25. b4 Bd6 26. R1c6
f5 27. Rxf8+ Bxf8 28. Rc7 h5 29. Rd7 Kh7 30. Rf7 Bd6 31. Bd4 Kh6 32. Rxg7 h4
33. Rd7 Bf8 34. Bc3 Kg5 35. Kg2 Rb6 36. Rxd5 Ra6 37. Bb2 Rc6 38. Rd8 Bh6 39. b5
Rc2 40. Be5 Kg6 41. Rd6+ Kh7 42. Rxh6+ Kxh6 43. b6 Rc8 44. a4 Rg8+ 45. Kh2 Kg6
46. b7 Kh7 47. a5 Re8 48. b8=Q Rxb8 49. Bxb8 Kg7 50. a6 Kf6 51. a7 Ke6 52. a8=Q
Kf7 53. Qd5+ Kf6 54. Bd6 Kg6 55. Be5 f4 56. Qd7 Kh5 57. Qf7+ Kh6 58. Bxf4# 1-0

[Event "ICS rated blitz match"]
[Site "204.178.125.65"]
[Date "2000.02.28"]
[Round "?"]
[White "Hossa"]
[Black "patopato"]
[Result "1-0"]
[WhiteElo "2427"]
[BlackElo "2079"]
[PlyCount "91"]

1. e4 c5 2. Nf3 Nc6 3. d4 cxd4 4. Nxd4 Nf6 5. Nc3 e5 6. Ndb5 a6 7. Nd6+ Bxd6 8.
Qxd6 Qe7 9. Qxe7+ Kxe7 10. Bg5 h6 11. Nd5+ Kf8 12. Bxf6 gxf6 13. Rd1 Rg8 14.
Nxf6 Rg6 15. Nxd7+ Bxd7 16. Rxd7 b5 17. c4 Nd4 18. c5 a5 19. Rd5 Re6 20. Bd3 f6
21. O-O Ke7 22. f4 Rc8 23. Rd1 Rc7 24. Kf2 Rc8 25. Ke3 Rg8 26. Rd2 Rg4 27. g3
Rg8 28. Be2 Rc8 29. Bg4 f5 30. exf5 Rec6 31. Rxe5+ Kf7 32. Kxd4 Rd8+ 33. Ke3
Rdc8 34. Rd7+ Kf8 35. Kd4 b4 36. Be2 a4 37. Bb5 R6c7 38. Rxc7 Rxc7 39. Bxa4 Kf7
40. g4 Ra7 41. Bb3+ Kf8 42. Rd5 Re7 43. Rd8+ Kg7 44. g5 h5 45. f6+ Kg6 46. fxe7
1-0

[Event "ICS rated blitz match"]
[Site "204.178.125.65"]
[Date "2000.02.28"]
[Round "?"]
[White "Hossa"]
[Black "Tinker"]
[Result "1/2-1/2"]
[WhiteElo "2435"]
[BlackElo "2457"]
[PlyCount "149"]

1. e4 e5 2. Nf3 Nf6 3. d4 exd4 4. e5 Ne4 5. Qxd4 d5 6. exd6 Nxd6 7. Nc3 Nc6 8.
Qf4 Be7 9. Bd3 O-O 10. O-O a5 11. Nd5 Be6 12. Nxe7+ Nxe7 13. Nd4 Bd7 14. Re1
Nd5 15. Qg3 Ne8 16. Re5 Nb4 17. Bf4 Nxd3 18. cxd3 Qf6 19. Rae1 Nd6 20. Rc1 Ne8
21. Qe3 Qb6 22. Re7 Nf6 23. Nc2 Nd5 24. Qxb6 cxb6 25. Rxd7 Nxf4 26. Rd1 Rab8
27. g3 Ne6 28. d4 Rfd8 29. Rxd8+ Rxd8 30. d5 Nc7 31. Ne3 Kf8 32. Kg2 Rd6 33.
Kf3 Rf6+ 34. Ke2 Rd6 35. Kd3 Ne6 36. h4 Nc5+ 37. Kd4 Rf6 38. Rd2 Na6 39. Rc2 g6
40. Rc8+ Ke7 41. Ng4 Rd6 42. a3 Nc5 43. b4 axb4 44. axb4 Na6 45. b5 Nc5 46. Kc4
Ne4 47. Rc7+ Rd7 48. Rxd7+ Kxd7 49. Ne5+ Ke7 50. Nd3 h6 51. Ne5 Nxf2 52. d6+
Kxd6 53. Nxf7+ Ke7 54. Nxh6 Ne4 55. g4 Kf6 56. Kd5 Nc3+ 57. Kc4 Nb1 58. Ng8+
Kf7 59. Nh6+ Kg7 60. g5 Na3+ 61. Kb4 Nc2+ 62. Kc3 Na3 63. Kb4 Nc2+ 64. Kc3 Ne1
65. Ng4 Nf3 66. Kd3 Nxh4 67. Ke4 Kf7 68. Kd5 Nf3 69. Ne5+ Nxe5 70. Kxe5 Ke7 71.
Kd5 Kd7 72. Ke5 Ke7 73. Kd5 Kd7 74. Ke5 Ke7 75. Kd5 1/2-1/2

[Event "ICS rated blitz match"]
[Site "204.178.125.65"]
[Date "2000.02.28"]
[Round "?"]
[White "Tinker"]
[Black "Hossa"]
[Result "1-0"]
[WhiteElo "2456"]
[BlackElo "2436"]
[PlyCount "101"]

1. e4 e6 2. Nc3 Nc6 3. Nf3 d5 4. Bb5 a6 5. Bxc6+ bxc6 6. d4 Bb4 7. Bg5 f6 8.
Bd2 Bxc3 9. Bxc3 dxe4 10. Nd2 f5 11. Qh5+ g6 12. Qe2 Nf6 13. Nb3 O-O 14. O-O-O
Rb8 15. Qd2 Qd6 16. a3 Nd5 17. Ba5 f4 18. Rdf1 e5 19. dxe5 Qxe5 20. Qd4 Qe7 21.
Qc4 Rd8 22. Qxc6 Rb5 23. Qc4 Qe5 24. Rd1 Rd7 25. Bc3 Qg5 26. a4 Rb8 27. h4 Qf5
28. Nc5 Bb7 29. Nxd7 Qxd7 30. Qd4 Rf8 31. Qh8+ Kf7 32. Qxh7+ Ke8 33. Qxg6+ Kd8
34. Qxe4 Kc8 35. Be5 Qe6 36. Rhe1 Qg8 37. Qc4 Qf7 38. Rd4 Rg8 39. Rxf4 Qh7 40.
Rg4 Qh6+ 41. Kb1 Qe6 42. Rxg8+ Qxg8 43. Bxc7 Qxg2 44. Bg3+ Kd8 45. Qc5 Nc3+ 46.
Qxc3 Qe4 47. Rxe4 Bxe4 48. Qc7+ Ke8 49. Bd6 Bxc2+ 50. Kxc2 a5 51. Qe7# 1-0

[Event "ICS rated blitz match"]
[Site "204.178.125.65"]
[Date "2000.02.28"]
[Round "?"]
[White "Hossa"]
[Black "patopato"]
[Result "1-0"]
[WhiteElo "2421"]
[BlackElo "2071"]
[PlyCount "62"]

1. c4 Nf6 2. Nc3 g6 3. Nf3 Bg7 4. d4 O-O 5. e4 d6 6. Bg5 Nbd7 7. Be2 c5 8. d5
Ng4 9. O-O Nge5 10. Nxe5 Bxe5 11. Bh6 Re8 12. Qd3 Nf6 13. Rfb1 Ng4 14. Bxg4
Bxg4 15. f3 Bd7 16. Ne2 f5 17. Qc2 fxe4 18. fxe4 Bg4 19. Rf1 Bxe2 20. Qxe2 Bd4+
21. Kh1 Bg7 22. Bxg7 Kxg7 23. e5 Rf8 24. Rxf8 Qxf8 25. Rf1 Qd8 26. e6 Qa5 27.
Rf7+ Kg8 28. Rxe7 Qxa2 29. Qf1 Rf8 30. Rf7 Re8 31. e7 Qxb2 1-0

[Event "ICS rated blitz match"]
[Site "204.178.125.65"]
[Date "2000.02.28"]
[Round "?"]
[White "Hossa"]
[Black "patopato"]
[Result "1-0"]
[WhiteElo "2429"]
[BlackElo "2071"]
[PlyCount "81"]

1. e4 c6 2. d4 d5 3. exd5 cxd5 4. Bd3 Nf6 5. c3 Nc6 6. Nf3 Bg4 7. O-O e6 8. Re1
Be7 9. Bg5 O-O 10. Nbd2 Rc8 11. Qb1 h6 12. Bxf6 Bxf6 13. h3 Bxf3 14. Bh7+ Kh8
15. Nxf3 Qd6 16. Bd3 Qf4 17. Re2 Na5 18. Qc2 Nc4 19. Qa4 a6 20. Qb3 b5 21. a4
Rb8 22. Qa2 Be7 23. axb5 axb5 24. Qa7 Bd6 25. b3 Nb6 26. Ree1 b4 27. c4 dxc4
28. bxc4 Bc7 29. Re4 Qd6 30. c5 Qd5 31. Qxc7 Na8 32. Qe7 b3 33. Ra7 b2 34. Re1
Qb3 35. Ne5 Qc3 36. Rd1 Qxd4 37. Nxf7+ Rxf7 38. Qxf7 b1=Q 39. Rxb1 Rxb1+ 40.
Bxb1 Qd1+ 41. Kh2 1-0

[Event "ICS Rated blitz match"]
[Site "204.178.125.65"]
[Date "2000.02.28"]
[Round "?"]
[White "patopato"]
[Black "Hossa"]
[Result "0-1"]
[WhiteElo "2067"]
[BlackElo "2433"]
[PlyCount "37"]

1. e4 e5 2. Nf3 Nc6 3. d4 exd4 4. Bc4 Nf6 5. e5 Ng4 6. Bf4 Bb4+ 7. c3 dxc3 8.
bxc3 Bc5 9. Bxf7+ Kxf7 10. Qd5+ Kg6 11. O-O d6 12. Bg5 Qd7 13. Nbd2 Ncxe5 14.
Qe4+ Kf7 15. Rae1 Qf5 16. Qd5+ Kf8 17. Nxe5 Nxe5 18. Be3 Nd3 19. Rb1 0-1

[Event "ICS rated blitz match"]
[Site "204.178.125.65"]
[Date "2000.02.28"]
[Round "?"]
[White "Hossa"]
[Black "patopato"]
[Result "1-0"]
[WhiteElo "2436"]
[BlackElo "2064"]
[PlyCount "81"]

1. e4 c5 2. c3 Nc6 3. Nf3 d5 4. exd5 Qxd5 5. d3 Bg4 6. Be3 Nf6 7. Be2 e6 8. h3
Bh5 9. c4 Qd7 10. g4 Bg6 11. g5 Ng8 12. Nc3 Nge7 13. Bxc5 b6 14. Be3 O-O-O 15.
d4 Nf5 16. d5 exd5 17. cxd5 Nb4 18. Rc1 Kb7 19. Bf4 Bd6 20. Bxd6 Nxd6 21. a3
Na6 22. Ne5 Qe8 23. Nc6 Ra8 24. O-O Nc5 25. Re1 Qd7 26. Bg4 Bf5 27. Re7 Bxg4
28. hxg4 Qxe7 29. Nxe7 Rae8 30. Nc6 a5 31. b3 h6 32. gxh6 Rxh6 33. g5 Rh4 34.
b4 axb4 35. axb4 Nd7 36. Ra1 Reh8 37. Ra7+ Kc8 38. Ra8+ Kb7 39. Rxh8 Rxh8 40.
Qg4 Kc7 41. Qg3 1-0

[Event "ICS rated blitz match"]
[Site "204.178.125.65"]
[Date "2000.02.28"]
[Round "?"]
[White "patopato"]
[Black "Hossa"]
[Result "0-1"]
[WhiteElo "2061"]
[BlackElo "2439"]
[PlyCount "60"]

1. e4 e5 2. Nf3 Nc6 3. d4 exd4 4. Bc4 Nf6 5. e5 Ng4 6. Bf4 Bb4+ 7. c3 dxc3 8.
bxc3 Bc5 9. O-O Qe7 10. Bg5 Bxf2+ 11. Rxf2 Nxf2 12. Kxf2 Qc5+ 13. Be3 Qxc4 14.
Nbd2 Qxc3 15. Rc1 Qa5 16. Qb3 O-O 17. Nc4 Qb4 18. Qd3 b5 19. Ncd2 Qb2 20. Rc2
Nb4 21. Qd4 Qxd4 22. Nxd4 Nxc2 23. Nxc2 f6 24. exf6 Rxf6+ 25. Kg1 Bb7 26. Nd4
Re8 27. Bf2 b4 28. Nc4 Ra6 29. Nb5 Rxa2 30. h3 Ree2 0-1

[Event "ICS rated blitz match"]
[Site "204.178.125.65"]
[Date "2000.02.28"]
[Round "?"]
[White "Hossa"]
[Black "imbecile"]
[Result "1-0"]
[WhiteElo "2442"]
[BlackElo "2071"]
[PlyCount "69"]

1. e4 e6 2. d4 d5 3. Nc3 Bb4 4. e5 Ne7 5. a3 Bxc3+ 6. bxc3 c5 7. Nf3 Nbc6 8.
Bd3 c4 9. Be2 Qa5 10. Bd2 Qa4 11. O-O a6 12. Qb1 Na7 13. Rc1 Nec6 14. Qb6 Nb5
15. Ra2 Rb8 16. Rb1 Bd7 17. Rba1 O-O 18. Rb1 Nca7 19. Rb4 Nc8 20. Qc5 b6 21.
Qxf8+ Kxf8 22. Rxa4 a5 23. Bxc4 Nba7 24. Bb3 Bxa4 25. Bxa4 b5 26. Rb2 Ne7 27.
h4 Nec6 28. Bb3 a4 29. Ba2 Ke8 30. h5 Na5 31. h6 g6 32. Ng5 Nc4 33. Bxc4 dxc4
34. Nxh7 Ke7 35. Nf6 1-0

[Event "ICS rated blitz match"]
[Site "204.178.125.65"]
[Date "2000.02.28"]
[Round "?"]
[White "imbecile"]
[Black "Hossa"]
[Result "1/2-1/2"]
[WhiteElo "2068"]
[BlackElo "2445"]
[PlyCount "64"]

1. d4 d5 2. Nf3 Nf6 3. e3 e6 4. Bd3 c5 5. c3 Nc6 6. Nbd2 Bd6 7. O-O O-O 8. dxc5
Bxc5 9. e4 Re8 10. e5 Nd7 11. Nb3 Bb6 12. Re1 f6 13. Bf4 Ndxe5 14. Nxe5 fxe5
15. Bxe5 Nxe5 16. Rxe5 Bxf2+ 17. Kh1 g6 18. Qe2 Qh4 19. Rf1 Bg3 20. h3 Bxe5 21.
Qxe5 Rf8 22. Rxf8+ Kxf8 23. Qh8+ Kf7 24. Nd4 Qh6 25. Nb5 Qc1+ 26. Kh2 Qf4+ 27.
Kh1 h6 28. Nc7 Qc1+ 29. Kh2 Qf4+ 30. Kh1 Qc1+ 31. Kh2 Qf4+ 32. Kh1 Qc1+ 1/2-1/2

[Event "ICS rated blitz match"]
[Site "204.178.125.65"]
[Date "2000.02.28"]
[Round "?"]
[White "patopato"]
[Black "Hossa"]
[Result "0-1"]
[WhiteElo "2047"]
[BlackElo "2432"]
[PlyCount "64"]

1. e4 e5 2. Nc3 Nc6 3. Nf3 Nf6 4. d4 exd4 5. Nxd4 Bb4 6. f3 O-O 7. Nxc6 bxc6 8.
Be2 Re8 9. O-O d5 10. Bg5 Rb8 11. Bd3 Bc5+ 12. Kh1 Bd4 13. exd5 Bxc3 14. bxc3
cxd5 15. Rb1 Rxb1 16. Qxb1 c5 17. c4 dxc4 18. Bxc4 Qd6 19. Qb3 Be6 20. Rg1 Bxc4
21. Qxc4 Qd5 22. Qh4 Qxa2 23. Bxf6 gxf6 24. Qxf6 Qxc2 25. Qg5+ Kf8 26. h4 Qc3
27. h5 Qe5 28. Qh6+ Kg8 29. Rd1 f6 30. Rd7 Qe1+ 31. Kh2 Qh4+ 32. Kg1 Re1# 0-1

[Event "ICS rated blitz match"]
[Site "204.178.125.65"]
[Date "2000.02.28"]
[Round "?"]
[White "patopato"]
[Black "Hossa"]
[Result "1-0"]
[WhiteElo "2041"]
[BlackElo "2438"]
[PlyCount "129"]

1. e4 c5 2. Nf3 Nc6 3. d4 cxd4 4. Nxd4 Nf6 5. Nc3 d6 6. f3 e5 7. Nb3 Be7 8. Be3
Be6 9. Qd2 d5 10. exd5 Nxd5 11. Nxd5 Qxd5 12. O-O-O Qxd2+ 13. Rxd2 O-O 14. Bb5
Rfd8 15. Rhd1 a6 16. Bxc6 bxc6 17. Rxd8+ Rxd8 18. Rxd8+ Bxd8 19. Nc5 Bb6 20.
Kd2 Bxc5 21. Bxc5 f5 22. Bd6 e4 23. fxe4 fxe4 24. Ke3 Bxa2 25. b3 h5 26. Kxe4
Kf7 27. Kd4 Ke6 28. Bc5 a5 29. Kc3 a4 30. Kb2 axb3 31. cxb3 Kd5 32. Bf2 Bxb3
33. Kxb3 g5 34. Kc3 Ke5 35. Kc4 Kd6 36. Bg3+ Kd7 37. Kc5 h4 38. Bf2 Ke6 39.
Kxc6 Ke5 40. Kc5 Ke4 41. Kc4 Kf5 42. Kd4 h3 43. g3 Kf6 44. Ke4 Ke6 45. Bd4 Kd7
46. Kf5 Kc6 47. Kxg5 Kd5 48. Kf4 Kc4 49. g4 Kd5 50. g5 Ke6 51. Bf6 Kf7 52. Kf5
Ke8 53. Ke6 Kf8 54. g6 Ke8 55. Bg7 Kd8 56. Kf6 Kc7 57. Bf8 Kd7 58. g7 Kc6 59.
g8=Q Kc7 60. Qc4+ Kb6 61. Qc5+ Kb7 62. Bd6 Ka6 63. Qc6+ Ka5 64. Qb7 Ka4 65.
Qb4# 1-0

[Event "ICS rated blitz match"]
[Site "204.178.125.65"]
[Date "2000.02.28"]
[Round "?"]
[White "Hossa"]
[Black "patopato"]
[Result "1-0"]
[WhiteElo "2409"]
[BlackElo "2070"]
[PlyCount "43"]

1. e4 Nc6 2. d4 d5 3. Nc3 e6 4. Nf3 dxe4 5. Nxe4 Nf6 6. Nxf6+ Qxf6 7. Bg5 Qg6
8. Bd3 Qh5 9. Be4 Bd7 10. Qe2 h6 11. Bh4 Bd6 12. d5 Ne5 13. Bg3 O-O 14. Nxe5
Qxe2+ 15. Kxe2 Bxe5 16. Bxe5 exd5 17. Bxd5 Rfe8 18. f4 Be6 19. Bxb7 Rab8 20.
Bc6 Re7 21. Kf3 f6 22. Bd4 1-0

[Event "ICS rated blitz match"]
[Site "204.178.125.65"]
[Date "2000.02.28"]
[Round "?"]
[White "patopato"]
[Black "Hossa"]
[Result "0-1"]
[WhiteElo "2066"]
[BlackElo "2413"]
[PlyCount "66"]

1. e4 e5 2. Nf3 Nc6 3. d4 exd4 4. Bc4 Nf6 5. e5 Ng4 6. Qe2 Qe7 7. Bf4 Qb4+ 8.
c3 d3 9. cxb4 dxe2 10. Bxe2 Nxb4 11. Nc3 Nc2+ 12. Kd2 Nxa1 13. Rxa1 Bb4 14. Bg3
d5 15. h3 Nh6 16. a3 Bxc3+ 17. bxc3 Nf5 18. Bf4 c5 19. g4 Ne7 20. Rb1 h5 21.
Bb5+ Kf8 22. g5 Bxh3 23. e6 Bxe6 24. Ne5 d4 25. cxd4 Rd8 26. Ke1 Rxd4 27. Be3
Re4 28. Nd7+ Bxd7 29. Bxd7 b6 30. a4 Re5 31. a5 Nd5 32. Ke2 Nc3+ 33. Kd3 Nxb1
0-1

[Event "ICS rated blitz match"]
[Site "204.178.125.65"]
[Date "2000.02.28"]
[Round "?"]
[White "Hossa"]
[Black "patopato"]
[Result "1-0"]
[WhiteElo "2417"]
[BlackElo "2062"]
[PlyCount "65"]

1. e4 c5 2. Nf3 Nc6 3. d4 cxd4 4. Nxd4 Nf6 5. Nc3 e5 6. Ndb5 a6 7. Nd6+ Bxd6 8.
Qxd6 Qe7 9. Qxe7+ Nxe7 10. Bg5 b5 11. f3 Bb7 12. O-O-O Bc6 13. Rd6 Nc8 14. Bxf6
Nxd6 15. Bxg7 Rg8 16. Bxe5 Ke7 17. Bxd6+ Kxd6 18. g3 b4 19. Nd1 a5 20. Ne3 a4
21. Bc4 Ke7 22. Nf5+ Kf8 23. Rd1 Rg6 24. Bd5 Rc8 25. Kb1 Bb5 26. Rd4 Be2 27.
Rxb4 Bxf3 28. Nh4 Rf6 29. e5 Bxd5 30. exf6 Bc6 31. Nf5 Re8 32. Ne7 Ra8 33. Rg4
1-0

[Event "ICS rated blitz match"]
[Site "204.178.125.65"]
[Date "2000.02.28"]
[Round "?"]
[White "patopato"]
[Black "Hossa"]
[Result "0-1"]
[WhiteElo "2058"]
[BlackElo "2421"]
[PlyCount "23"]

1. e4 e5 2. Nf3 Nc6 3. d4 exd4 4. Nxd4 Nf6 5. f3 Bc5 6. c3 d5 7. Nxc6 bxc6 8.
Bg5 O-O 9. e5 Qe8 10. f4 Ne4 11. Bh4 g5 12. Qg4 0-1

[Event "ICS rated blitz match"]
[Site "204.178.125.65"]
[Date "2000.02.28"]
[Round "?"]
[White "Hossa"]
[Black "patopato"]
[Result "0-1"]
[WhiteElo "2425"]
[BlackElo "2054"]
[PlyCount "98"]

1. d4 c6 2. c4 d5 3. cxd5 cxd5 4. e3 Nc6 5. Bb5 Nf6 6. Nf3 Bd7 7. Bd2 e6 8. Nc3
Bd6 9. Rc1 O-O 10. O-O a6 11. Bd3 b5 12. Ne2 Na5 13. Qc2 Nc4 14. Rfd1 Rc8 15.
Qb1 Qb6 16. Be1 h6 17. b3 Na3 18. Qa1 Ne4 19. Nc3 f5 20. Ne5 Bxe5 21. dxe5 b4
22. Nxe4 fxe4 23. Bxe4 a5 24. Bd3 Nb5 25. Rxc8 Rxc8 26. Rc1 Qb7 27. Rxc8+ Qxc8
28. Qb1 Nc3 29. Qc2 Qc6 30. a3 Be8 31. Bh7+ Kh8 32. g3 Ne2+ 33. Qxe2 Kxh7 34.
axb4 axb4 35. Qg4 Bg6 36. Qxb4 Be4 37. Bc3 Qa6 38. h4 Qe2 39. Be1 Qf3 40. Kf1
Bd3+ 41. Kg1 Be4 42. Kf1 Bd3+ 43. Kg1 Qe2 44. Qc3 Qf1+ 45. Kh2 Be4 46. f3 Qxf3
47. Kh3 h5 48. Qd2 Qh1+ 49. Qh2 Bg2# 0-1

[Event "ICS rated standard match"]
[Site "204.178.125.65"]
[Date "2000.02.28"]
[Round "?"]
[White "Hossa"]
[Black "felicity"]
[Result "1-0"]
[WhiteElo "2256"]
[BlackElo "1888"]
[PlyCount "39"]

1. d4 e6 2. Nf3 b6 3. e4 Nf6 4. e5 Ng8 5. d5 d6 6. Bb5+ Nd7 7. Qe2 a6 8. Bc6
Rb8 9. Bg5 Be7 10. exd6 cxd6 11. dxe6 fxe6 12. Qxe6 h6 13. Nh4 hxg5 14. Ng6 Qc7
15. Ba4 b5 16. Nxh8 bxa4 17. Qg6+ Kd8 18. Nf7+ Ke8 19. Nxg5+ Kd8 20. Ne6# 1-0

[Event "ICS rated blitz match"]
[Site "204.178.125.65"]
[Date "2000.02.28"]
[Round "?"]
[White "Hossa"]
[Black "j724"]
[Result "1-0"]
[WhiteElo "2396"]
[BlackElo "2078"]
[PlyCount "43"]

1. e4 d6 2. d4 Nf6 3. Nc3 c6 4. f4 Qa5 5. Bd3 e5 6. Nf3 Bg4 7. Be3 Nbd7 8. O-O
Be7 9. Kh1 O-O 10. fxe5 dxe5 11. d5 Rad8 12. a3 Qc7 13. Bxa7 b6 14. dxc6 Qxc6
15. Nb5 Bxf3 16. Qxf3 Nc5 17. a4 Rd7 18. b4 Nxd3 19. cxd3 Rfd8 20. Rac1 Qb7 21.
Qf2 Rxd3 22. Rc7 1-0

[Event "ICS rated blitz match"]
[Site "204.178.125.65"]
[Date "2000.02.28"]
[Round "?"]
[White "j724"]
[Black "Hossa"]
[Result "1-0"]
[WhiteElo "2074"]
[BlackElo "2400"]
[PlyCount "99"]

1. d4 d5 2. Nf3 Nf6 3. Bf4 c5 4. e3 Qb6 5. Qc1 cxd4 6. exd4 Nc6 7. c3 Bg4 8.
Be2 e6 9. h3 Bh5 10. O-O O-O-O 11. Nbd2 Bd6 12. Bxd6 Rxd6 13. a4 Bxf3 14. Nxf3
Rhd8 15. b4 Qc7 16. Qb2 Rg8 17. a5 g5 18. b5 Nxa5 19. Qb4 b6 20. Ne5 Rg7 21.
Rfc1 Kb8 22. c4 dxc4 23. Nxc4 Nxc4 24. Rxc4 Qd7 25. Rac1 Rg8 26. Bf3 Rd8 27.
Qc3 Ne8 28. Bc6 Qe7 29. Ra4 Ng7 30. Rca1 a5 31. bxa6 Qa7 32. Rb1 f6 33. Rab4
Kc7 34. Bb7+ Kd7 35. Rc1 Ke7 36. Rc4 b5 37. Rc7+ Kf8 38. d5 exd5 39. Bxd5 Qxc7
40. Qxc7 Rxd5 41. a7 Ra8 42. Qb7 Rdd8 43. Rc7 Ne8 44. Rf7+ Kg8 45. Rxh7 Nc7 46.
Qxc7 Rd1+ 47. Kh2 Rd7 48. Qxd7 Rxa7 49. Qxa7 b4 50. Qf7# 1-0

[Event "ICS rated bullet match"]
[Site "204.178.125.65"]
[Date "2000.02.28"]
[Round "?"]
[White "Hossa"]
[Black "carbide"]
[Result "1-0"]
[WhiteElo "2375"]
[BlackElo "2141"]
[PlyCount "40"]

1. e4 d6 2. d4 Nf6 3. Nc3 g6 4. Nf3 Bg7 5. Be2 O-O 6. O-O c6 7. h3 a5 8. e5 Nd5
9. exd6 Nxc3 10. dxe7 Nxd1 11. exd8=Q Rxd8 12. Rxd1 Bf5 13. c3 Nd7 14. Re1 Nb6
15. Nh4 Be6 16. Bg5 Re8 17. Nf3 a4 18. Bd3 a3 19. Rab1 Ra7 20. bxa3 Nc4 1-0

[Event "ICS rated bullet match"]
[Site "204.178.125.65"]
[Date "2000.02.28"]
[Round "?"]
[White "Hossa"]
[Black "carbide"]
[Result "1-0"]
[WhiteElo "2388"]
[BlackElo "2128"]
[PlyCount "91"]

1. c4 c5 2. Nf3 Nc6 3. g3 Nf6 4. Bg2 g6 5. O-O Bg7 6. Nc3 O-O 7. d3 d6 8. Bg5
Bd7 9. Qd2 a6 10. Rfb1 Qc8 11. Nd5 Qd8 12. Nxf6+ exf6 13. Bh6 Re8 14. Bxg7 Kxg7
15. Rd1 Qe7 16. e3 Rab8 17. Rac1 Bg4 18. h3 Bxf3 19. Bxf3 Ne5 20. Bd5 Nc6 21.
Qe2 Qc7 22. Qg4 Re7 23. Qh4 Rbe8 24. Rc3 Re5 25. Bxc6 Qxc6 26. Qg4 R5e7 27. Rb3
b6 28. Ra3 a5 29. d4 Qd7 30. Qxd7 Rxd7 31. dxc5 bxc5 32. Rxa5 Rb8 33. b3 Rb6
34. Rxc5 dxc5 35. Rxd7 Ra6 36. a4 Rb6 37. Rd3 f5 38. f3 Kf6 39. Kf2 Ke6 40. Ke2
Rb4 41. h4 Rb7 42. Kd2 Ra7 43. Kc3 Rb7 44. Rd5 Ra7 45. Rxc5 Ra5 46. Rxa5 1-0

[Event "ICS rated bullet match"]
[Site "204.178.125.65"]
[Date "2000.02.28"]
[Round "?"]
[White "Hossa"]
[Black "carbide"]
[Result "1-0"]
[WhiteElo "2400"]
[BlackElo "2116"]
[PlyCount "60"]

1. e4 e6 2. d4 d5 3. Nc3 Nf6 4. e5 Nfd7 5. f4 c5 6. Nf3 Nc6 7. Be3 cxd4 8. Nxd4
Bc5 9. Qd2 O-O 10. O-O-O a6 11. h4 Nxd4 12. Bxd4 b5 13. Rh3 b4 14. Na4 Bxd4 15.
Qxd4 Qc7 16. Qxb4 a5 17. Qd6 Ra7 18. g4 Qxd6 19. exd6 Ba6 20. Nc3 Rc8 21. Nb5
Bxb5 22. Bxb5 Rc5 23. a4 Kf8 24. Rb3 Ke8 25. Re3 Kd8 26. g5 Rb7 27. h5 Rb6 28.
g6 fxg6 29. hxg6 hxg6 30. Rxe6 Rbxb5 1-0

[Event "ICS rated bullet match"]
[Site "204.178.125.65"]
[Date "2000.02.28"]
[Round "?"]
[White "carbide"]
[Black "Hossa"]
[Result "0-1"]
[WhiteElo "2111"]
[BlackElo "2405"]
[PlyCount "65"]

1. d4 Nf6 2. c4 e6 3. Nc3 Bb4 4. Nf3 c5 5. g3 cxd4 6. Nxd4 Ne4 7. Bd2 Bxc3 8.
bxc3 e5 9. Nc2 Qb6 10. e3 O-O 11. Bg2 Nxd2 12. Qxd2 Nc6 13. O-O Re8 14. Nb4 Qc5
15. Nd5 Na5 16. Rab1 Nxc4 17. Qd3 Re6 18. Rfc1 Rg6 19. e4 b5 20. Qe2 Bb7 21. h3
Bxd5 22. exd5 Rxg3 23. Kh2 Rg5 24. Rb4 a5 25. Rbb1 Rc8 26. Qf3 Nd2 27. Qe2 Nxb1
28. Rxb1 Rf5 29. Rxb5 Qxf2 30. Qxf2 Rxf2 31. Kg3 Rxa2 32. Rxa5 Rxc3+ 33. Kh4
0-1

[Event "ICS rated blitz match"]
[Site "204.178.125.65"]
[Date "2000.02.28"]
[Round "?"]
[White "patopato"]
[Black "Hossa"]
[Result "1/2-1/2"]
[WhiteElo "2056"]
[BlackElo "2378"]
[PlyCount "84"]

1. e4 e5 2. Nf3 Nc6 3. d4 exd4 4. Bc4 Nf6 5. e5 Ng4 6. Bf4 Bb4+ 7. c3 dxc3 8.
bxc3 Bc5 9. Bxf7+ Kxf7 10. Qd5+ Kg6 11. Qxc5 Ncxe5 12. Nxe5+ Nxe5 13. Bxe5 d6
14. Bxd6 cxd6 15. Qd4 Re8+ 16. Kf1 Kf7 17. h4 Be6 18. h5 Qg5 19. Nd2 Bd5 20. f3
Re5 21. Kf2 Rae8 22. Rae1 Rxe1 23. Rxe1 Rxe1 24. Kxe1 b6 25. Ne4 Bxe4 26. Qxe4
Qc1+ 27. Kf2 Qxc3 28. Qxh7 Qd2+ 29. Kg3 Qxa2 30. Qf5+ Kg8 31. Qc8+ Kh7 32. Qf5+
Kh8 33. Qf8+ Qg8 34. Qxd6 Kh7 35. Qg6+ Kh8 36. Kh3 Qc8+ 37. g4 Qf8 38. Kg3 Qe7
39. h6 Qe1+ 40. Kg2 Qe2+ 41. Kg3 Qe1+ 42. Kg2 Qe2+ 1/2-1/2

[Event "ICS rated blitz match"]
[Site "204.178.125.65"]
[Date "2000.02.28"]
[Round "?"]
[White "Hossa"]
[Black "patopato"]
[Result "1-0"]
[WhiteElo "2366"]
[BlackElo "2068"]
[PlyCount "75"]

1. e4 e5 2. Nf3 d6 3. d4 Nc6 4. dxe5 Bg4 5. exd6 Bxd6 6. Nc3 Nf6 7. Bb5 O-O 8.
Bxc6 bxc6 9. Bg5 h6 10. Bxf6 Qxf6 11. h3 Bxf3 12. Qxf3 Qxf3 13. gxf3 Bb4 14.
O-O-O Bxc3 15. bxc3 Rab8 16. Rd7 Rb7 17. Rhd1 Rfb8 18. Rd8+ Kh7 19. Rxb8 Rxb8
20. Rd7 Kg6 21. Rxc7 Rb6 22. Rxa7 Kf6 23. a4 Ke6 24. f4 g6 25. Ra8 f5 26. e5 g5
27. a5 Rb5 28. a6 gxf4 29. Re8+ Kd7 30. a7 Kxe8 31. a8=Q+ Kf7 32. Qh8 Ke6 33.
Qf6+ Kd7 34. Qd6+ Kc8 35. Qxc6+ Kd8 36. Qxb5 Ke7 37. Qc6 Kf7 38. Qf6+ 1-0

[Event "ICS rated blitz match"]
[Site "204.178.125.65"]
[Date "2000.02.28"]
[Round "?"]
[White "Hossa"]
[Black "patopato"]
[Result "1-0"]
[WhiteElo "2376"]
[BlackElo "2058"]
[PlyCount "83"]

1. d4 d5 2. c4 Nf6 3. Nc3 e6 4. cxd5 exd5 5. e3 Be7 6. Nf3 O-O 7. Bd3 Bg4 8.
Qb3 Bxf3 9. gxf3 b6 10. Bd2 c5 11. dxc5 bxc5 12. Qb7 Nbd7 13. Nxd5 Nxd5 14.
Qxd5 Nf6 15. Qc4 Qd5 16. Qxd5 Nxd5 17. O-O-O Rfc8 18. Be4 Nb4 19. Bxa8 Nd3+ 20.
Kc2 Nxf2 21. Be4 Nxh1 22. Rxh1 Bd6 23. h4 g6 24. Bc3 f5 25. Bd5+ Kf8 26. h5 g5
27. Rd1 Be7 28. Be6 Rd8 29. Rxd8+ Bxd8 30. Bxf5 h6 31. e4 Bc7 32. e5 Kf7 33.
Kd3 Ke7 34. Kd2 Bb6 35. Ke3 c4+ 36. Ke4 Bc5 37. Kd5 Be3 38. Bb4+ Ke8 39. e6 Bf4
40. e7 Bc7 41. Bg6+ Kd7 42. e8=Q# 1-0

[Event "ICS Rated blitz match"]
[Site "204.178.125.65"]
[Date "2000.02.28"]
[Round "?"]
[White "patopato"]
[Black "Hossa"]
[Result "0-1"]
[WhiteElo "2054"]
[BlackElo "2380"]
[PlyCount "46"]

1. e4 e5 2. Nf3 Nc6 3. Bc4 Nf6 4. O-O Bc5 5. Nc3 d6 6. h3 O-O 7. d3 Na5 8. Bb3
Nxb3 9. axb3 Be6 10. Bg5 Re8 11. Qd2 Bb4 12. Kh2 a5 13. Ng1 h6 14. Bh4 Nxe4 15.
Bxd8 Nxd2 16. Rfd1 Nxb3 17. cxb3 Rexd8 18. Nb5 c6 19. Nc7 Bxb3 20. Nxa8 Bxd1
21. Nb6 Bc2 22. d4 exd4 23. Nf3 Be4 0-1